000 00399nam a2200157Ia 4500
008 230917s9999||||xx |||||||||||||| ||und||
020 _cRS295
040 _e26285
_aMAIN
041 _aEnglish
082 _a004.77 A93V
100 _aAitken, Peter
245 0 _aVisual Basic 4 programming explorer
260 _aNew Delhi
_bComdex Computer Publishing
_c1996
300 _axvi, 528 p.
942 _cBK
999 _c96466
_d96466